000
00239 a2200097 4500
020
_a
978-0750677004
100
_a
Robert Holden BA DipLD ALI
245
_a
New Landscape Design
250
_a
1st edition
260
_b
Architectural Press
_c
2003
999
_c
11219
_d
11219